Citys with subway/metro/underground on a map - Statistics

General Stats
  • This quiz has been taken 16 times
  • The average score is 164 of 212
Answers on the Map
Answers color-coded by a green-red scale on the quiz's map according to % correct below.
 
Answer Stats
Answer % Correct
Bangkok
100%
Barcelona
100%
Beijing
100%
Brasília
100%
Buenos Aires
100%
Delhi
100%
Guangzhou
100%
Hanoi
100%
Ho Chi Minh city
100%
Jakarta
100%
Kuala Lumpur
100%
London
100%
Los Angeles
100%
Madrid
100%
Mexico City
100%
Milan
100%
Moscow
100%
New York city
100%
Paris
100%
Rio De Janeiro
100%
Riyadh
100%
San Francisco
100%
Santiago
100%
São Paulo
100%
Seoul
100%
Shenzhen
100%
Taipei
100%
Tokyo
100%
Toronto
100%
Xi'an
100%
Amsterdam
94%
Ankara
94%
Athens
94%
Bangalore
94%
Berlin
94%
Boston
94%
Busan
94%
Chengdu
94%
Chicago
94%
Dubai
94%
Fuzhou
94%
Hamburg
94%
Harbin
94%
Kolkata
94%
Kyiv
94%
Lima
94%
Lyon
94%
Manila
94%
Mecca
94%
Miami
94%
Nanjing
94%
Naples
94%
Osaka
94%
Rome
94%
Sapporo
94%
Shanghai
94%
Singapore
94%
Tianjin
94%
Urumqi
94%
Vancouver
94%
Washington, D.C.
94%
Atlanta
88%
Baku
88%
Baltimore
88%
Belo Horizonte
88%
Bilbao
88%
Cairo
88%
Chennai
88%
Chongqing
88%
Copenhagen
88%
Dalian
88%
Dhaka
88%
Doha
88%
Glasgow
88%
Hefei
88%
Helsinki
88%
Hongkong
88%
Hyderabad
88%
Izmir
88%
Kunming
88%
Kyoto
88%
Montreal
88%
Mumbai
88%
Munich
88%
Nagoya
88%
Philadelphia
88%
Porto
88%
Pyongyang
88%
Qingdao
88%
Rotterdam
88%
Saint Petersburg
88%
Seville
88%
Shenyang
88%
Sydney
88%
Tehrān
88%
Warsaw
88%
Wuhan
88%
Xiamen
88%
Ahmedabad
81%
Changsha
81%
Cleveland
81%
Daegu
81%
Fukuoka
81%
Genoa
81%
Guadalajara
81%
Hangzhou
81%
Hiroshima
81%
Istanbul
81%
Kharkiv
81%
Lille
81%
Lisbon
81%
Málaga
81%
Minsk
81%
Newcastle Upon Tyne
81%
Ningbo
81%
Novosibirsk
81%
Oslo
81%
Prague
81%
Pune
81%
Suzhou
81%
Tashkent
81%
Tbilisi
81%
Thessaloniki
81%
Turin
81%
Valencia
81%
Vienna
81%
Wenzhou
81%
Yerevan
81%
Zhengzhou
81%
Almaty
75%
Bucharest
75%
Budapest
75%
Bursa
75%
Caracas
75%
Catania
75%
Dnipro
75%
Granada
75%
Kaohsiung
75%
Kazan
75%
Kobe
75%
Lahore
75%
Monterrey
75%
Nanning
75%
Nuremberg
75%
Panama City
75%
Porto Alegre
75%
Rennes
75%
Shijiazhuang
75%
Stockholm
75%
Toulouse
75%
Yekaterinburg
75%
Changchun
69%
Incheon
69%
Jinan
69%
Marseille
69%
Mashhad
69%
Medellín
69%
Taichung
69%
Taiyuan
69%
Adana
63%
Agra
63%
Algiers
63%
Dongguan
63%
Guiyang
63%
Lanzhou
63%
Maracaibo
63%
Nanchang
63%
Nizhny Novgorod
63%
Sendai
63%
Daejeon
56%
Foshan
56%
Gwangju
56%
Hohhot
56%
Jaipur
56%
Recife
56%
Salvador
56%
Samara
56%
Santo Domingo
56%
Sofiya
56%
Taizhou
56%
Taoyuan
56%
Xuzhou
56%
Yokohama
56%
Jinhua
50%
Kanpur
50%
Lucknow
50%
Nagpur
50%
Patna
50%
San Juan
50%
Wuxi
50%
Changzhou
44%
Lagos
44%
Lausanne
44%
Luoyang
44%
Nantong
44%
Saitama
44%
Shaoxing
44%
Shiraz
44%
Tabriz
44%
Brescia
38%
Wuhu
38%
Honolulu
31%
Navi Mumbai
31%
San Sebastián
31%
Bruxelles
19%
Esfahan
19%
Palma
19%
Cochin
13%
Gurgaon
13%
Los Teques
13%
Karaj
6%
No matching quizzes found
Score Distribution
Percent of People with Each Score
Percentile by Number Answered
Your Score History
You have not taken this quiz